00724nam a2200217Ia 4500003000900000008004100009020002200050040001600072080001200088245017400100260002700274300001000301490004300311650001700354650001600371650001200387650002600399650002100425700003300446700002700479IN-BaIIA211028s9999 xx 000 0 eng d a978-1-4020-4838-8 cIIA Library a52bFUN 0aFundamental questions in astrophysicsbguidelines for future UV observatoriescedited by Ana I. Gomez de castro and Willem Wamsteker  aBerlinbSpringerc2006 a170p. aAstrophysics and space science; v. 303 aAstrophysics aFundamental aScience aUltraviolet astronomy aUV Observatories aGomez de castro, Ana I., ed. aWamsteker, Willem, ed.